Catálogo público

Inventario Nacional de los Recursos Dedicados a la Investigación Científica Agropecuaria en México, por V.G.R. y otros. (Record no. 172179)

MARC details
000 -CABECERA
campo de control de longitud fija 01002nam a2200241Ia 4500
001 - NÚMERO DE CONTROL
campo de control dia_1636
003 - IDENTIFICADOR DEL NÚMERO DE CONTROL
campo de control CHAP
005 - FECHA Y HORA DE LA ÚLTIMA TRANSACCIÓN
campo de control 20251021153935.0
008 - DATOS DE LONGITUD FIJA--INFORMACIÓN GENERAL
campo de control de longitud fija 220117s1976 xx 000 0 und d
010 ## - NÚMERO DE CONTROL DE LA BIBLIOTECA DEL CONGRESO
Número de control de LC 172179
040 ## - FUENTE DE LA CATALOGACIÓN
Centro/agencia transcriptor CHAP
082 ## - NÚMERO DE LA CLASIFICACIÓN DECIMAL DEWEY
Número de clasificación 630.72 G65
100 ## - ENTRADA PRINCIPAL--NOMBRE DE PERSONA
Nombre de persona Gonzalez Romero, Vicente.
9 (RLIN) 49369
245 ## - MENCIÓN DE TÍTULO
Título Inventario Nacional de los Recursos Dedicados a la Investigación Científica Agropecuaria en México, por V.G.R. y otros.
260 ## - PUBLICACIÓN, DISTRIBUCIÓN, ETC.
Lugar de publicación, distribución, etc. Chapingo, Mex., Colegio de Postgraduados. Centro de Estadística y Cálculo.
Fecha de publicación, distribución, etc. 1976
300 ## - DESCRIPCIÓN FÍSICA
Extensión 2V.
505 ## - NOTA DE CONTENIDO CON FORMATO
Nota de contenido con formato V. Instituciones y Unidades de Investigación. V. 2. Proyectos y Personal Científico.
600 ## - PUNTO DE ACCESO ADICIONAL DE MATERIA--NOMBRE DE PERSONA
Nombre de persona Agricultura- Investigación- México. 2. Ganadería-investigación-México. 3. Recursos Humanos. I. E.N.A. Colegio de Postgraduados Centro de Estadística y Cálculo. II.t.
9 (RLIN) 151189
901 ## - ELEMENTOS DE DATOS A LOCAL LDA (RLIN)
a 630.72 G65
902 ## - ELEMENTOS DE DATOS B LOCAL, LDB (RLIN)
a M
905 ## - ELEMENTOS DE DATOS E LOCAL, LDE (RLIN)
a 0000001976 MEX 0010000000ESP00
942 ## - ELEMENTOS DE PUNTO DE ACCESO ADICIONAL (KOHA)
Tipo de ítem Koha Libro
Fuente del sistema de clasificación o colocación Dewey Decimal Classification
Holdings
Estado de retiro Estado de pérdida Fuente del sistema de clasificación o colocación Estado dañado No para préstamo Código de colección Localización permanente Ubicación/localización actual Ubicación en estantería Fecha de adquisición Información codificada de la localización en otra ubicación Enumeración/cronología de publicación seriada Total de préstamos Código de barras Fecha visto por última vez Número de copia Precio válido a partir de Tipo de ítem Koha
    Dewey Decimal Classification     General Ingenieria Agroindustrial Ingenieria Agroindustrial   18/01/2022 1 Volumen: 2   dia_1175 18/01/2022 1 18/01/2022 Libro
    Dewey Decimal Classification     General Ingenieria Agroindustrial Ingenieria Agroindustrial   18/01/2022 1 Volumen: 1   dia_1174 18/01/2022 1 18/01/2022 Libro